[Event "POL-chT 2 Liga 2019"]
[Site "Poronin"]
[Date "2019.09.11"]
[Round "5.26"]
[White "Szadkowski, Kamil"]
[Black "Kyc, Jerzy"]
[Result "0-1"]
[WhiteElo "2245"]
[BlackElo "2309"]
[Annotator "TA"]
[PlyCount "46"]
[EventDate "2019.09.07"]
[EventType "team-tourn"]
[EventCountry "POL"]
[SourceTitle "playchess.com"]
[Source "ChessBase"]
[SourceQuality "1"]

{[%evp 14,46,19,-12,-15,-52,-30,-80,-72,-132,-85,-154,-158,-175,-176,-176,-163,-168,-168,-169,-194,-222,-226,-217,-226,-260,-238,-311,-318,-656,-671,-649,-588,-768,-709]} 1. e4 c5 2. Nf3 d6 3. d4 cxd4 4. Nxd4 Nf6 5. Nc3 a6 6. Be3 e5 7. Nb3 Be7 8. f4 O-O {B90: Sicilian Najdorf: Unusual White 6th moves, 6 Be3 Ng4 and 6 Be3 e5} (8... Nbd7 9. a4 b6 10. Bc4 Bb7 11. Nd2 O-O 12. O-O Qc7 13. Qe2 Rfc8 14. fxe5 Nxe5 15. Bb3 Ned7 16. Rf5 {1-0 (54) Svidler,P (2731)-Bischoff,K (2553) Germany 2011}) 9. Qe2 Qc7 $146 ({Predecessor:} 9... Nc6 10. h3 a5 11. O-O-O a4 12. Nc5 a3 13. b3 Nd4 14. Bxd4 exd4 15. e5 dxc5 16. exf6 Bxf6 {0-1 (56) Willms,J-Pushkedra,F (2279) Kitchener 2006}) 10. h3 b5 $1 {[%cal Bb7b5,Bb5b4][%mdl 32] Black is better.} 11. g4 (11. fxe5 $142 dxe5 12. Qf3) 11... Bb7 12. Bg2 {[#]} ({Better is} 12. O-O-O) 12... b4 $1 $17 {[%cal Rb4c3]} 13. Nd5 Nxd5 14. exd5 {[#]} exf4 $1 15. Bf2 Bf6 16. O-O-O Nd7 {[%cal Bb8d7,Bd7e5,Be5g6][%mdl 32]} 17. Bd4 Rfe8 18. Qd3 Be5 19. Kb1 a5 {[%cal Ba6a5,Ba5a4,Ba4a3][%mdl 32]} 20. Bxe5 Nxe5 ({Weaker is} 20... Rxe5 21. Nd4 $17) 21. Qf5 $2 (21. Qd2 f3 22. Bf1) 21... a4 $19 {Black is clearly winning.} 22. Nd4 a3 23. Be4 Ng6 {Accuracy: White = 11%, Black = 85%.} 0-1

[Event "POL-chT 2 Liga 2019"]
[Site "Poronin"]
[Date "2019.09.11"]
[Round "5.27"]
[White "Gesicki, Jacek"]
[Black "Szadkowski, Krzysztof"]
[Result "1/2-1/2"]
[WhiteElo "2234"]
[BlackElo "2138"]
[Annotator "NA"]
[PlyCount "113"]
[EventDate "2019.09.07"]
[EventType "team-tourn"]
[EventCountry "POL"]
[SourceTitle "playchess.com"]
[Source "ChessBase"]
[SourceQuality "1"]
[TimeControl "40/5400+30:1800+30"]

1. e4 {[%emt 0:00:00]} Nf6 {[%emt 0:00:00]} 2. e5 {[%emt 0:00:08]} Nd5 {[%emt 0:00:06]} 3. d4 {[%emt 0:00:33]} d6 {[%emt 0:00:22]} 4. exd6 {[%emt 0:00:45]} exd6 {[%emt 0:00:20]} 5. g3 {[%emt 0:01:19]} Be7 {[%emt 0:02:06]} 6. Bg2 {[%emt 0:00:16]} Nb6 {[%emt 0:00:17]} 7. Ne2 {[%emt 0:00:46]} O-O {[%emt 0:01:02]} 8. O-O {[%emt 0:00:18]} Bf6 {[%emt 0:01:11]} 9. Nf4 {[%emt 0:02:58]} Nc6 {[%emt 0:00:30]} 10. c3 {[%emt 0:01:50]} Bf5 {[%emt 0:02:15]} 11. Nd2 {[%emt 0:02:19]} Re8 {[%emt 0:00:46]} 12. Re1 {[%emt 0:03:50]} Rxe1+ {[%emt 0:01:18]} 13. Qxe1 {[%emt 0:00:06]} Qd7 {[%emt 0:00:20]} 14. Nf1 {[%emt 0:04:44]} Re8 {[%emt 0:01:51]} 15. Qd1 {[%emt 0:19:08]} Bg5 {[%emt 0:08:56]} 16. b3 {[%emt 0:07:15]} Be4 {[%emt 0:04:39]} 17. Bh3 {[%emt 0:18:03]} Qd8 {[%emt 0:03:17]} 18. Be3 {[%emt 0:12:49]} Bxf4 {[%emt 0:08:40]} 19. Bxf4 {[%emt 0:00:02]} Qf6 {[%emt 0:00:16]} 20. Nd2 {[%emt 0:03:28]} Bd3 {[%emt 0:12:34]} 21. Bg2 {[%emt 0:01:18]} Qg6 {[%emt 0:07:37]} 22. Nf3 {[%emt 0:04:56]} Nd5 {[%emt 0:08:13]} 23. Nh4 {[%emt 0:01:17]} Nxc3 {[%emt 0:00:13]} 24. Nxg6 {[%emt 0:00:23]} Nxd1 {[%emt 0:00:07]} 25. Rxd1 {[%emt 0:01:39]} Bxg6 {[%emt 0:00:16]} 26. Bxc6 {[%emt 0:09:04]} bxc6 {[%emt 0:00:17]} 27. Bd2 {[%emt 0:00:01]} f6 {[%emt 0:05:17]} 28. Ba5 {[%emt 0:00:58]} Re2 {[%emt 0:01:59]} 29. Rd2 {[%emt 0:01:33]} Re7 {[%emt 0:00:28]} 30. f3 {[%emt 0:00:40]} Kf7 {[%emt 0:00:22]} 31. Kf2 {[%emt 0:00:01]} Bb1 {[%emt 0:00:33]} 32. a3 {[%emt 0:01:34]} Bf5 {[%emt 0:01:40]} 33. Re2 {[%emt 0:01:12]} Be6 {[%emt 0:00:38]} 34. Rc2 {[%emt 0:01:01]} Bd5 {[%emt 0:00:30]} 35. Re2 {[%emt 0:00:43]} Bxb3 {[%emt 0:02:09]} 36. Rxe7+ {[%emt 0:00:03]} Kxe7 {[%emt 0:00:06]} 37. Bxc7 {[%emt 0:00:02]} Ke6 {[%emt 0:00:36]} 38. Ke3 {[%emt 0:00:11]} Kd5 {[%emt 0:00:08]} 39. Bb8 {[%emt 0:00:20]} a6 {[%emt 0:00:13]} 40. Bc7 {[%emt 0:00:00]} Bd1 {[%emt 0:00:00]} 41. Bd8 {[%emt 0:01:51]} c5 {[%emt 0:03:14]} 42. dxc5 {[%emt 0:00:46]} dxc5 {[%emt 0:00:47]} 43. f4 {[%emt 0:02:31]} Bg4 {[%emt 0:03:45]} 44. h4 {[%emt 0:05:49]} Bh5 {[%emt 0:02:18]} 45. Be7 {[%emt 0:05:19]} c4 {[%emt 0:01:54]} 46. Bf8 {[%emt 0:03:07]} g6 {[%emt 0:00:45]} 47. Be7 {[%emt 0:02:07]} Ke6 {[%emt 0:00:48]} 48. Bb4 {[%emt 0:02:12]} Bd1 {[%emt 0:01:04]} 49. Bc3 {[%emt 0:00:47]} Kf5 {[%emt 0:00:49]} 50. Bb2 {[%emt 0:00:40]} h6 {[%emt 0:01:02]} 51. Bc3 {[%emt 0:00:39]} Bc2 {[%emt 0:01:24]} 52. Bb2 {[%emt 0:00:38]} Bd3 {[%emt 0:00:53]} 53. Bc3 {[%emt 0:00:32]} g5 {[%emt 0:02:05]} 54. fxg5 {[%emt 0:00:43]} hxg5 {[%emt 0:01:05]} 55. hxg5 {[%emt 0:00:50]} Kxg5 {[%emt 0:00:40]} 56. Kd2 {[%emt 0:01:05]} Kf5 {[%emt 0:01:00]} 57. Bd4 {[%emt 0:00:38] Ke5} 1/2-1/2

[Event "POL-chT 2 Liga 2019"]
[Site "Poronin"]
[Date "2019.09.11"]
[Round "5.28"]
[White "Leskiewicz, Ignacy"]
[Black "Sendera, Jaroslaw"]
[Result "1/2-1/2"]
[WhiteElo "2116"]
[BlackElo "2203"]
[Annotator "TA"]
[PlyCount "114"]
[EventDate "2019.09.07"]
[EventType "team-tourn"]
[EventCountry "POL"]
[SourceTitle "playchess.com"]
[Source "ChessBase"]
[SourceQuality "1"]

{[%evp 16,114,48,43,46,17,29,9,25,18,28,9,44,22,35,22,37,38,53,-39,50,45,53,46,92,8,0,-12,6,-133,-133,-133,-108,-133,-133,-139,-135,-139,-20,-26,-10,-9,-8,-14,-10,-36,-25,-35,20,34,38,0,0,-76,-93,-87,-28,-22,0,-55,-56,-72,-80,-106,-99,-118,-124,-139,-134,-295,-289,-270,-172,-237,-264,-306,-271,-359,-364,-335,-332,-642,-630,-852,-520,-757,-654,-934,-397,-551,-538,-5535,-5535,-889,-747,-678,-659,-640,0,-625,29997]} 1. e4 c5 2. Nf3 Nc6 3. d4 cxd4 4. Nxd4 Qb6 5. Nb3 Nf6 6. Nc3 e6 7. Bd3 a6 8. O-O Qc7 9. f4 d6 {B33: Sicilian: Pelikan and Sveshnikov Variations} 10. a3 Be7 11. Be3 b5 {The position is equal.} 12. Qf3 Bb7 13. Qh3 b4 14. Na4 bxa3 15. bxa3 {[#]} g6 $146 ({Predecessor:} 15... Rb8 16. Nb6 O-O 17. Nd2 Rfd8 18. Rab1 Na5 {½-½ (62) Volchok,A (2602)-Mohrlok,D (2533) ICCF corr 1999}) 16. Nb6 Rb8 17. a4 ({White should play} 17. Rab1 $14) 17... O-O (17... Nb4 $1 $15 18. Nd2 d5) 18. a5 $14 Nb4 19. f5 $1 {[%cal Rf5e6]} e5 20. fxg6 (20. Bg5 $16 Qd8 21. Rab1) 20... hxg6 $11 21. Bh6 Rfe8 22. Rxf6 (22. Nd2 $11) 22... Bxf6 $17 23. Nd7 {[#]} Bg7 $1 24. Bxg7 Kxg7 25. Nxb8 Rxb8 26. Rf1 Re8 (26... Bc8 $17 27. Qf3 Be6) 27. Qf3 $11 Qe7 28. Bc4 $132 {[%cal Rf3f7][%mdl 2048] White puts up resistance} f6 29. c3 Rc8 30. Be2 (30. Nd2 $5 {[%cal Rc3b4]} Nc6 31. Qd3 $15) 30... Na2 31. c4 Nb4 ({Better is} 31... Rb8 $15) 32. h4 Nc6 33. Qf2 Nd8 34. Bd3 (34. h5 $11) 34... Ne6 $17 35. g3 Nc5 (35... Bc6 $17 36. Qb6 Ba4) 36. Nxc5 $11 Rxc5 37. h5 (37. Rb1 $11) 37... gxh5 $15 38. Qf5 Qf7 39. Be2 Bc8 ({Much weaker is} 39... Rxa5 $6 40. Bxh5 Bxe4 41. Qg4+ Bg6 42. Bxg6 $11) 40. Qf2 Qg6 41. Bxh5 Qg5 {Threatens to win with ...Bh3.} (41... Qxh5 42. Qxf6+ Kg8 43. Qf8+ Kh7 44. Qe7+ Kh6 45. Rf6+ Qg6 46. Rxg6+ Kxg6 47. Qxd6+ Kf7 48. Qxc5 $18) 42. Be2 $2 (42. Kg2 $17 {is a better defense.}) 42... Rxa5 $19 43. Bf3 Rc5 44. Kg2 (44. Be2 $142) 44... Rxc4 45. Rh1 {Qa7+ is the strong threat.} Rc7 46. Rd1 a5 {[%cal Ba6a5,Ba5a4,Ba4a3][%mdl 32]} 47. Rxd6 a4 48. Qa2 $2 (48. Rd3) 48... Qc1 {And now ...Rc2+ would win.} 49. Bd1 a3 50. Qf2 Qg5 51. Bb3 {If only White now had time for Rd8....} Rb7 (51... Qh6 $142 52. Rd3 Qh3+ 53. Kg1 Rc1+ 54. Bd1 Bg4) 52. Qc2 Qg4 {Strongly threatening ...Qh3+.} 53. Qc4 Qh3+ 54. Kf2 Qh2+ 55. Kf3 Qh1+ 56. Kf2 {Threatening mate with Qg8+.} Qh2+ 57. Kf3 {[#] White threatens Qg8+ and mate.} Rc7 $4 {[%mdl 40960] Accuracy: White = 32%, Black = 44%. . An unexpected result.} (57... Rxb3+ $1 $19 {[%mdl 512]} 58. Qxb3 Bh3) 1/2-1/2

[Event "POL-chT 2 Liga 2019"]
[Site "Poronin"]
[Date "2019.09.11"]
[Round "5.29"]
[White "Polok, Rafal"]
[Black "Kwiatkowski, Wiktor"]
[Result "0-1"]
[WhiteElo "2053"]
[BlackElo "2011"]
[Annotator "NA"]
[PlyCount "58"]
[EventDate "2019.09.07"]
[EventType "team-tourn"]
[EventCountry "POL"]
[SourceTitle "playchess.com"]
[Source "ChessBase"]
[SourceQuality "1"]
[TimeControl "40/5400+30:1800+30"]

1. e4 {[%emt 0:00:00]} c6 {[%emt 0:00:06]} 2. d4 {[%emt 0:01:10]} d5 {[%emt 0:00:09]} 3. Nc3 {[%emt 0:00:09]} e6 {[%emt 0:03:21]} 4. Nf3 {[%emt 0:07:07]} Bb4 {[%emt 0:08:54]} 5. e5 {[%emt 0:03:08]} c5 {[%emt 0:02:23]} 6. a3 {[%emt 0:01:02]} Bxc3+ {[%emt 0:01:36]} 7. bxc3 {[%emt 0:00:07]} Nc6 {[%emt 0:00:44]} 8. a4 {[%emt 0:02:57]} Bd7 {[%emt 0:23:03]} 9. Bd3 {[%emt 0:11:49]} Rc8 {[%emt 0:14:12]} 10. Bd2 {[%emt 0:13:53]} Nge7 {[%emt 0:05:19]} 11. h4 {[%emt 0:02:33]} Na5 {[%emt 0:02:11]} 12. h5 {[%emt 0:03:08]} h6 {[%emt 0:01:26]} 13. Rh4 {[%emt 0:02:17]} Nc4 {[%emt 0:01:28]} 14. Bxc4 {[%emt 0:11:37]} dxc4 {[%emt 0:00:07]} 15. Rg4 {[%emt 0:00:17]} Nf5 {[%emt 0:03:16]} 16. Qe2 {[%emt 0:07:48]} Qa5 {[%emt 0:07:26]} 17. Qxc4 {[%emt 0:07:09]} cxd4 {[%emt 0:00:33]} 18. Qb4 {[%emt 0:09:42]} Qxb4 {[%emt 0:07:06]} 19. cxb4 {[%emt 0:00:05]} Rxc2 {[%emt 0:00:12]} 20. b5 {[%emt 0:02:48]} Rc4 21. Be3 O-O {[%emt 0:09:39]} 22. Nxd4 {[%emt 0:02:43]} f6 {[%emt 0:01:49]} 23. Rc1 {[%emt 0:04:13]} Nxe3 {[%emt 0:00:28]} 24. Rxc4 {[%emt 0:00:43]} Nxc4 {[%emt 0:00:37]} 25. exf6 {[%emt 0:00:16]} Rxf6 {[%emt 0:00:52]} 26. Nb3 {[%emt 0:00:48]} Ne5 {[%emt 0:01:20]} 27. Rd4 {[%emt 0:01:00]} Rf4 {[%emt 0:01:40]} 28. Rd2 {[%emt 0:02:25]} Rxa4 {[%emt 0:00:52]} 29. Nc5 {[%emt 0:00:03]} Ra1+ {[%emt 0:00:06]} 0-1

[Event "POL-chT 2 Liga 2019"]
[Site "Poronin"]
[Date "2019.09.11"]
[Round "5.30"]
[White "Pastuszko, Kinga"]
[Black "Trybowska, Barbara"]
[Result "0-1"]
[WhiteElo "1998"]
[BlackElo "1689"]
[Annotator "NA"]
[PlyCount "96"]
[EventDate "2019.09.07"]
[EventType "team-tourn"]
[EventCountry "POL"]
[SourceTitle "playchess.com"]
[Source "ChessBase"]
[SourceQuality "1"]
[TimeControl "40/5400+30:1800+30"]

1. e4 {[%emt 0:00:00]} c5 {[%emt 0:00:00]} 2. Nf3 {[%emt 0:00:00]} d6 {[%emt 0:00:00]} 3. d4 {[%emt 0:00:00]} cxd4 {[%emt 0:00:00]} 4. Nxd4 {[%emt 0:00:02]} Nf6 {[%emt 0:00:00]} 5. Nc3 {[%emt 0:00:09]} a6 {[%emt 0:00:06]} 6. Be2 {[%emt 0:01:24]} e5 {[%emt 0:02:07]} 7. Nf3 {[%emt 0:01:30]} Be7 {[%emt 0:01:45]} 8. Bg5 {[%emt 0:01:17]} Nbd7 {[%emt 0:01:00]} 9. O-O {[%emt 0:02:39]} h6 {[%emt 0:01:37]} 10. Bxf6 {[%emt 0:04:39]} Nxf6 {[%emt 0:00:23]} 11. Bc4 {[%emt 0:03:11]} O-O {[%emt 0:02:49]} 12. Qd3 {[%emt 0:03:06]} b5 {[%emt 0:07:12]} 13. Bb3 {[%emt 0:02:14]} Be6 {[%emt 0:06:01]} 14. Nd5 {[%emt 0:06:38]} Bxd5 {[%emt 0:01:32]} 15. Bxd5 {[%emt 0:00:09]} Nxd5 {[%emt 0:00:07]} 16. Qxd5 {[%emt 0:01:41]} Rc8 {[%emt 0:04:03]} 17. c3 {[%emt 0:03:24]} Qb6 {[%emt 0:02:00]} 18. Rfd1 {[%emt 0:18:41]} Kh8 {[%emt 0:19:34]} 19. Rd2 {[%emt 0:04:31]} Rc5 {[%emt 0:08:27]} 20. Qb3 {[%emt 0:03:36]} Rc4 {[%emt 0:10:24]} 21. Re2 {[%emt 0:03:34]} Qb7 {[%emt 0:04:27]} 22. Rae1 {[%emt 0:07:07]} Qd7 {[%emt 0:07:34]} 23. Nd2 {[%emt 0:09:16]} Rc7 {[%emt 0:00:18]} 24. Nf1 {[%emt 0:04:25]} Rc4 {[%emt 0:04:18]} 25. Ng3 {[%emt 0:01:16]} g6 {[%emt 0:00:33]} 26. Qd1 {[%emt 0:01:55]} Qe6 {[%emt 0:03:25]} 27. Qd3 {[%emt 0:04:17]} f5 {[%emt 0:02:37]} 28. b3 {[%emt 0:01:11]} Rc7 {[%emt 0:02:12]} 29. f3 {[%emt 0:04:52]} f4 {[%emt 0:00:58]} 30. Nf1 {[%emt 0:00:42]} h5 {[%emt 0:02:30]} 31. Nd2 {[%emt 0:00:38]} g5 {[%emt 0:02:00]} 32. c4 {[%emt 0:00:14]} b4 {[%emt 0:00:09]} 33. Qd5 {[%emt 0:00:46]} Qg6 {[%emt 0:00:56]} 34. Qa5 {[%emt 0:00:58]} Rfc8 {[%emt 0:00:32]} 35. Qxb4 {[%emt 0:04:13]} d5 {[%emt 0:00:15]} 36. Qa4 {[%emt 0:00:06]} d4 {[%emt 0:00:34]} 37. b4 {[%emt 0:00:15]} g4 {[%emt 0:02:23]} 38. c5 {[%emt 0:00:37]} d3 {[%emt 0:00:19]} 39. Rf2 {[%emt 0:02:25]} g3 {[%emt 0:00:37]} 40. Rff1 {[%emt 0:00:00]} gxh2+ {[%emt 0:00:00]} 41. Kh1 {[%emt 0:07:57]} Rg8 {[%emt 0:02:58]} 42. Rf2 {[%emt 0:10:21]} Bh4 {[%emt 0:00:56]} 43. Ref1 {[%emt 0:03:38]} Bxf2 {[%emt 0:00:49]} 44. Rxf2 {[%emt 0:00:04]} Qg3 {[%emt 0:00:24]} 45. Qxa6 {[%emt 0:00:25]} Rg6 {[%emt 0:07:42]} 46. Qa8+ {[%emt 0:01:56]} Kh7 {[%emt 0:00:20]} 47. Qd8 {[%emt 0:01:37]} Qxf2 {[%emt 0:00:47]} 48. Qxc7+ {[%emt 0:00:07]} Rg7 {[%emt 0:00:08]} 0-1

[Event "POL-chT 2 Liga 2019"]
[Site "Poronin"]
[Date "2019.09.11"]
[Round "5.31"]
[White "Molenda, Marcin"]
[Black "Nowak, Kamil"]
[Result "1/2-1/2"]
[WhiteElo "2373"]
[BlackElo "2296"]
[Annotator "TA"]
[PlyCount "43"]
[EventDate "2019.09.07"]
[EventType "team-tourn"]
[EventCountry "POL"]
[SourceTitle "playchess.com"]
[Source "ChessBase"]
[SourceQuality "1"]

{[%evp 13,43,20,34,24,26,23,25,13,16,14,17,10,19,9,14,13,18,13,15,11,18,8,10,10,10,0,0,0,0,0,0,-5]} 1. d4 d5 2. c4 c6 3. Nf3 Nf6 4. e3 a6 5. Bd3 Bg4 6. Nbd2 e6 7. Qc2 Nbd7 8. b3 {D11: Slav Defence: 3 Nf3 sidelines and 3...Nf6 4 e3 Bg4} Bxf3 9. Nxf3 Bb4+ 10. Ke2 {White has an edge.} Qe7 {The position is equal.} 11. Bb2 Ba3 12. Bxa3 Qxa3 13. Rhe1 $146 ({Predecessor:} 13. c5) 13... O-O 14. Kf1 Qe7 15. Kg1 Rfe8 16. Rad1 Rad8 17. h3 h6 18. Qb2 e5 {[#] aiming for ...e4.} 19. dxe5 Nxe5 20. Nxe5 Qxe5 21. Qxe5 Rxe5 22. Bc2 {Accuracy: White = 77%, Black = 96%.} 1/2-1/2

[Event "POL-chT 2 Liga 2019"]
[Site "Poronin"]
[Date "2019.09.11"]
[Round "5.32"]
[White "Daniel, Damian"]
[Black "Czerw, Dawid"]
[Result "1/2-1/2"]
[WhiteElo "2196"]
[BlackElo "2269"]
[Annotator "NA"]
[PlyCount "38"]
[EventDate "2019.09.07"]
[EventType "team-tourn"]
[EventCountry "POL"]
[SourceTitle "playchess.com"]
[Source "ChessBase"]
[SourceQuality "1"]
[TimeControl "40/5400+30:1800+30"]

1. d4 {[%emt 0:00:00]} Nf6 {[%emt 0:00:00]} 2. Nf3 {[%emt 0:00:00]} e6 {[%emt 0:00:00]} 3. g3 {[%emt 0:00:00]} d5 {[%emt 0:00:00]} 4. Bg2 {[%emt 0:00:00]} b5 {[%emt 0:00:00]} 5. O-O {[%emt 0:09:45]} Nbd7 {[%emt 0:00:13]} 6. Nbd2 {[%emt 0:12:45]} Bb7 {[%emt 0:03:33]} 7. c3 {[%emt 0:04:26]} c5 {[%emt 0:07:23]} 8. a4 {[%emt 0:01:12]} a6 {[%emt 0:02:11]} 9. axb5 {[%emt 0:11:03]} axb5 {[%emt 0:00:06]} 10. Rxa8 {[%emt 0:00:06]} Qxa8 {[%emt 0:00:47]} 11. dxc5 {[%emt 0:00:54]} Bxc5 {[%emt 0:03:03]} 12. Nb3 {[%emt 0:00:20]} Be7 {[%emt 0:10:31]} 13. Nbd4 {[%emt 0:03:14]} b4 {[%emt 0:02:16]} 14. cxb4 {[%emt 0:08:24]} Bxb4 {[%emt 0:00:45]} 15. Bd2 {[%emt 0:10:19]} Be7 {[%emt 0:03:47]} 16. Qa1 {[%emt 0:06:49]} O-O {[%emt 0:02:38]} 17. Qxa8 {[%emt 0:06:37]} Rxa8 {[%emt 0:00:06]} 18. Rb1 {[%emt 0:00:39]} Ne4 {[%emt 0:02:29]} 19. Be1 {[%emt 0:03:12]} e5 {[%emt 0:16:34]} 1/2-1/2

[Event "POL-chT 2 Liga 2019"]
[Site "Poronin"]
[Date "2019.09.11"]
[Round "5.33"]
[White "Niedbala, Bartlomiej"]
[Black "Stankiewicz, Pawel"]
[Result "1-0"]
[WhiteElo "2145"]
[BlackElo "2138"]
[Annotator "NA"]
[PlyCount "43"]
[EventDate "2019.09.07"]
[EventType "team-tourn"]
[EventCountry "POL"]
[SourceTitle "playchess.com"]
[Source "ChessBase"]
[SourceQuality "1"]
[TimeControl "40/5400+30:1800+30"]

1. d4 {[%emt 0:00:00]} e6 {[%emt 0:00:00]} 2. Nf3 {[%emt 0:01:42]} b6 {[%emt 0:00:00]} 3. e4 {[%emt 0:01:44]} Bb7 {[%emt 0:00:09]} 4. Bd3 {[%emt 0:00:06]} c5 {[%emt 0:00:09]} 5. c3 {[%emt 0:01:15]} d5 {[%emt 0:00:37]} 6. e5 {[%emt 0:00:38]} Nc6 {[%emt 0:00:22]} 7. O-O {[%emt 0:00:23]} Qc7 {[%emt 0:00:53]} 8. a3 {[%emt 0:03:41]} c4 {[%emt 0:03:08]} 9. Bc2 {[%emt 0:00:22]} O-O-O {[%emt 0:00:19]} 10. Re1 {[%emt 0:03:12]} Re8 {[%emt 0:03:26]} 11. Nbd2 {[%emt 0:16:01]} f6 {[%emt 0:02:47]} 12. b3 {[%emt 0:00:56]} fxe5 {[%emt 0:04:28]} 13. bxc4 {[%emt 0:04:58]} e4 {[%emt 0:27:51]} 14. cxd5 {[%emt 0:00:16]} exd5 {[%emt 0:00:45]} 15. c4 {[%emt 0:00:39]} dxc4 {[%emt 0:09:17]} 16. Nxe4 {[%emt 0:07:09]} h6 {[%emt 0:08:49]} 17. Nd6+ {[%emt 0:12:54]} Bxd6 {[%emt 0:00:06]} 18. Rxe8+ {[%emt 0:00:03]} Kd7 {[%emt 0:00:04]} 19. Qe2 {[%emt 0:01:22]} Be7 {[%emt 0:04:34]} 20. Bg6 {[%emt 0:01:45]} Nd8 {[%emt 0:01:59]} 21. Ne5+ {[%emt 0:02:11]} Kc8 {[%emt 0:00:02]} 22. Bf7 {[%emt 0:03:21]} 1-0

[Event "POL-chT 2 Liga 2019"]
[Site "Poronin"]
[Date "2019.09.11"]
[Round "5.34"]
[White "Szmyd, Marek"]
[Black "Galuszka, Tomasz"]
[Result "0-1"]
[WhiteElo "1885"]
[BlackElo "2222"]
[Annotator "NA"]
[PlyCount "78"]
[EventDate "2019.09.07"]
[EventType "team-tourn"]
[EventCountry "POL"]
[SourceTitle "playchess.com"]
[Source "ChessBase"]
[SourceQuality "1"]
[TimeControl "40/5400+30:1800+30"]

1. Nf3 {[%emt 0:00:00]} d5 {[%emt 0:00:00]} 2. b3 {[%emt 0:00:00]} Bf5 {[%emt 0:00:00]} 3. Bb2 {[%emt 0:00:02]} e6 {[%emt 0:00:00]} 4. e3 {[%emt 0:01:37]} Nf6 {[%emt 0:00:01]} 5. d4 {[%emt 0:04:03]} h6 {[%emt 0:01:31]} 6. Bd3 {[%emt 0:01:40]} Be4 {[%emt 0:04:32]} 7. Bxe4 {[%emt 0:03:07]} Nxe4 {[%emt 0:01:49]} 8. O-O {[%emt 0:00:58]} Be7 {[%emt 0:01:53]} 9. Nbd2 {[%emt 0:01:10]} Nxd2 {[%emt 0:03:44]} 10. Qxd2 {[%emt 0:01:43]} O-O {[%emt 0:00:30]} 11. Ne5 {[%emt 0:02:00]} Nd7 {[%emt 0:01:01]} 12. Nxd7 {[%emt 0:01:12]} Qxd7 {[%emt 0:00:03]} 13. c4 {[%emt 0:01:00]} c6 {[%emt 0:04:50]} 14. Qe2 {[%emt 0:09:06]} Rfe8 {[%emt 0:02:24]} 15. Rfd1 {[%emt 0:03:24]} Qc7 {[%emt 0:04:11]} 16. g3 {[%emt 0:04:56]} Rad8 {[%emt 0:00:55]} 17. a3 {[%emt 0:09:36]} Bf6 {[%emt 0:00:47]} 18. b4 {[%emt 0:11:04]} Qd7 {[%emt 0:02:46]} 19. a4 {[%emt 0:07:24]} a5 {[%emt 0:06:06]} 20. cxd5 {[%emt 0:08:33]} Qxd5 {[%emt 0:01:44]} 21. bxa5 {[%emt 0:06:02]} Qxa5 {[%emt 0:01:41]} 22. Rdc1 {[%emt 0:02:34]} Ra8 {[%emt 0:00:42]} 23. Bc3 {[%emt 0:03:05]} Qc7 {[%emt 0:01:24]} 24. Qb2 {[%emt 0:04:41]} Ra7 {[%emt 0:00:59]} 25. Rcb1 {[%emt 0:02:06]} Rea8 {[%emt 0:00:26]} 26. a5 {[%emt 0:01:17]} g6 {[%emt 0:04:04]} 27. Bb4 {[%emt 0:01:00]} Be7 {[%emt 0:00:59]} 28. Bxe7 {[%emt 0:01:22]} Qxe7 {[%emt 0:01:39]} 29. Qb6 {[%emt 0:01:45]} Qd7 {[%emt 0:04:44]} 30. Qc5 {[%emt 0:02:20]} Ra6 {[%emt 0:01:00]} 31. Rb6 {[%emt 0:00:50]} Rxb6 {[%emt 0:00:29]} 32. Qxb6 {[%emt 0:00:13]} Ra6 {[%emt 0:00:04]} 33. Qb2 {[%emt 0:01:06]} Qc7 {[%emt 0:01:12]} 34. Rb1 {[%emt 0:00:24]} Ra7 {[%emt 0:00:34]} 35. Qb4 {[%emt 0:01:31]} h5 {[%emt 0:00:35]} 36. h4 {[%emt 0:00:40]} Kg7 {[%emt 0:01:54]} 37. Kf1 {[%emt 0:02:12]} f6 {[%emt 0:02:47]} 38. Qc5 {[%emt 0:01:20]} Rxa5 {[%emt 0:00:37]} 39. Rxb7 {[%emt 0:00:15]} Ra1+ {[%emt 0:00:06]} 0-1

[Event "POL-chT 2 Liga 2019"]
[Site "Poronin"]
[Date "2019.09.11"]
[Round "5.35"]
[White "Koloczek, Maciej"]
[Black "Zminda, Bogdan"]
[Result "0-1"]
[WhiteElo "1932"]
[BlackElo "1970"]
[Annotator "NA"]
[PlyCount "56"]
[EventDate "2019.09.07"]
[EventType "team-tourn"]
[EventCountry "POL"]
[SourceTitle "playchess.com"]
[Source "ChessBase"]
[SourceQuality "1"]
[TimeControl "40/5400+30:1800+30"]

1. e4 {[%emt 0:00:00]} c5 {[%emt 0:00:00]} 2. Nf3 {[%emt 0:00:00]} e6 {[%emt 0:00:18]} 3. b3 {[%emt 0:00:00]} d5 {[%emt 0:00:22]} 4. exd5 {[%emt 0:00:08]} exd5 {[%emt 0:00:02]} 5. d4 {[%emt 0:00:10]} Nc6 {[%emt 0:00:09]} 6. Bb2 {[%emt 0:01:15]} Nf6 {[%emt 0:00:33]} 7. Be2 {[%emt 0:03:21]} cxd4 {[%emt 0:02:05]} 8. O-O {[%emt 0:02:27]} Bc5 {[%emt 0:00:17]} 9. Nxd4 {[%emt 0:03:29]} O-O {[%emt 0:01:49]} 10. a4 {[%emt 0:06:14]} Re8 {[%emt 0:02:17]} 11. Bf3 {[%emt 0:05:16]} Ne4 {[%emt 0:01:09]} 12. Na3 {[%emt 0:06:09]} Qb6 {[%emt 0:00:43]} 13. c3 {[%emt 0:00:58]} Bxd4 {[%emt 0:01:05]} 14. cxd4 {[%emt 0:00:19]} Na5 {[%emt 0:00:07]} 15. Nb5 {[%emt 0:11:36]} Bd7 {[%emt 0:04:42]} 16. Nc3 {[%emt 0:05:54]} Qxb3 {[%emt 0:01:13]} 17. Qxb3 {[%emt 0:11:17]} Nxb3 {[%emt 0:00:04]} 18. Ra3 {[%emt 0:00:42]} Nxd4 {[%emt 0:03:01]} 19. Nxd5 {[%emt 0:11:05]} Nxf3+ {[%emt 0:01:28]} 20. Rxf3 {[%emt 0:00:58]} Nd2 {[%emt 0:00:10]} 21. Nc7 {[%emt 0:00:22]} Nxf3+ {[%emt 0:02:13]} 22. gxf3 {[%emt 0:00:07]} Bxa4 {[%emt 0:00:23]} 23. Nxa8 {[%emt 0:00:44]} Rxa8 {[%emt 0:00:03]} 24. Ra1 {[%emt 0:00:20]} Bc6 {[%emt 0:00:08]} 25. Bd4 {[%emt 0:00:24]} a6 {[%emt 0:00:27]} 26. Kg2 {[%emt 0:01:02]} Rd8 {[%emt 0:00:28]} 27. Be3 {[%emt 0:00:24]} Rd6 {[%emt 0:01:29]} 28. Ra5 {[%emt 0:00:22]} Rf6 {[%emt 0:00:23]} 0-1